Promoting Sustainable Tourism of the Region on the Example of Juromania

Význam organizovania podujatí majúcich vplyv na propagáciu regiónu a ich vzťah k trvalo udržateľnému rozvoju cestovného ruchu ako konceptu podporujúceho ekonomické, sociálne a ekologické aspekty života. Propagácia turistických regiónov na základe predpokladov udržateľného cestovného ruchu, pričom sa...

Ausführliche Beschreibung

Gespeichert in:
Bibliographische Detailangaben
1. Verfasser: Majewska, Barbara
Format: Buchkapitel
Sprache:Englisch
Schlagworte:
Tags: Tag hinzufügen
Keine Tags, Fügen Sie das erste Tag hinzu!

MARC

LEADER 00000naa a2200000 4500
001 0282002
005 20240425123128.9
041 0 |a eng 
044 |a SK 
245 1 0 |a Promoting Sustainable Tourism of the Region on the Example of Juromania  |c Barbara Majewska 
520 |a Význam organizovania podujatí majúcich vplyv na propagáciu regiónu a ich vzťah k trvalo udržateľnému rozvoju cestovného ruchu ako konceptu podporujúceho ekonomické, sociálne a ekologické aspekty života. Propagácia turistických regiónov na základe predpokladov udržateľného cestovného ruchu, pričom sa poukazuje na originalitu daného miesta a jedinečnosť miestnych tradícií. Podujatia propagujúce daný región pre cestovný ruch sa spájajú aj so zásadami trvalo udržateľného rozvoja, čo sa premieta do budovania imidžu regiónu a jeho turistických atrakcií. Príklad takejto atrakcie v podobe podujatia Juromania, propagujúce turistické atrakcie Krakovsko-Čiestochovskej vrchoviny (Poľsko), poukazujúc na to, že propagácia regiónu prostredníctvom tohto podujatia je príležitosťou na udržateľný rozvoj cestovného ruchu. 
610 2 0 |a ruch cestovný 
610 2 0 |a ruch cestovný regionálny 
610 2 0 |a ruch cestovný zážitkový 
610 2 0 |a ruch cestovný udržateľný 
610 2 0 |a rozvoj trvalo udržateľný 
610 2 0 |a regióny podhorské 
610 2 0 |a regióny horské 
610 2 0 |a budovanie značky 
610 2 0 |a Poľsko 
100 1 |a Majewska, Barbara